Statistics for 100 Biggest Cities in Brazil

Click here to take the quiz!

General Stats

  • This quiz has been taken 500 times
  • The average score is 44 of 100

Answer Stats

StatePopulationCity% Correct
2Rio de Janeiro6 476 631Rio de Janeiro
99%
1São Paulo11 967 825São Paulo
99%
4Distrito Federal2 914 830Brasília
98%
6Minas Gerais2 502 557Belo Horizonte
96%
7Amazonas2 057 711Manaus
95%
5Ceará2 591 188Fortaleza
93%
10Rio Grande do Sul1 476 867Porto Alegre
93%
3Bahia2 921 087Salvador
93%
11Pará1 439 561Belém
91%
9Pernambuco1 617 183Recife
90%
8Paraná1 879 355Curitiba
88%
14São Paulo1 164 098Campinas
82%
12Goiás1 430 697Goiânia
81%
19Rio Grande do Norte869 954Natal
77%
15Maranhão1 073 893São Luís
76%
53São Paulo433 966Santos
72%
48Santa Catarina469 690Florianópolis
69%
17Alagoas1 013 773Maceió
67%
68Espírito Santo355 875Vitória
67%
20Mato Grosso do Sul853 622Campo Grande
64%
21Piauí844 245Teresina
63%
35Mato Grosso580 489Cuiabá
61%
13São Paulo1 324 781Guarulhos
59%
24Paraíba791 438João Pessoa
59%
33Sergipe632 744Aracaju
55%
50Amapá456 171Macapá
55%
65Acre370 550Rio Branco
55%
30Minas Gerais662 362Uberlândia
55%
41Rondônia502 748Porto Velho
53%
18Rio de Janeiro882 729Duque de Caxias
50%
42Rio de Janeiro496 696Niterói
49%
36Santa Catarina562 151Joinville
48%
83Roraima320 714Boa Vista
47%
38Paraná548 249Londrina
46%
97Tocantins272 726Palmas
46%
16Rio de Janeiro1 038 081São Gonçalo
46%
22São Paulo816 925São Bernardo do Campo
45%
29São Paulo666 323Ribeirão Preto
44%
26São Paulo694 844Osasco
42%
27São Paulo688 597São José dos Campos
42%
82Minas Gerais322 126Uberaba
41%
34Bahia617 528Feira de Santana
40%
74Rio Grande do Sul342 873Pelotas
40%
25São Paulo710 210Santo André
40%
57Paraíba405 072Campina Grande
39%
59Paraná397 437Maringá
39%
23Rio de Janeiro807 492Nova Iguaçu
39%
88Rio de Janeiro298 142Petrópolis
39%
32São Paulo644 919Sorocaba
39%
37Minas Gerais555 284Juiz de Fora
38%
63Pernambuco389 494Olinda
38%
46Rio Grande do Sul474 853Caxias do Sul
37%
67Goiás366 491Anápolis
34%
66São Paulo366 992Bauru
34%
77Santa Catarina338 876Blumenau
34%
96Rio Grande do Sul276 108Santa Maria
34%
52São Paulo442 548São José do Rio Preto
34%
47Espírito Santo472 762Vila Velha
33%
84Paraná312 778Cascavel
32%
56São Paulo412 428Diadema
32%
58São Paulo401 896Jundiaí
32%
91Pará292 520Santarém
32%
54São Paulo424 633Mogi das Cruzes
31%
79Pernambuco331 951Petrolina
31%
78Paraná337 865Ponta Grossa
31%
39Goiás521 910Aparecida de Goiânia
30%
55Minas Gerais417 307Betim
30%
62São Paulo391 449Piracicaba
30%
44Rio de Janeiro483 970Campos dos Goytacazes
29%
69São Paulo355 542São Vicente
29%
31Minas Gerais648 766Contagem
28%
43Espírito Santo485 376Serra
28%
86São Paulo302 331Taubaté
28%
45Rio de Janeiro481 127Belford Roxo
27%
28Pernambuco686 122Jaboatão dos Guararapes
27%
92Rio Grande do Norte288 162Mossoró
27%
49Rio de Janeiro460 625São João de Meriti
27%
40Pará505 404Ananindeua
26%
87São Paulo299 261Praia Grande
26%
75São Paulo342 112Franca
25%
95Minas Gerais278 363Governador Valadares
25%
60Minas Gerais394 350Montes Claros
25%
73Bahia343 230Vitória da Conquista
25%
76Rio Grande do Sul341 343Canoas
24%
85São Paulo311 230Guarujá
24%
51São Paulo453 286Mauá
23%
72Pernambuco347 088Caruaru
22%
90São Paulo296 440Limeira
22%
89Paraná297 895São José dos Pinhais
22%
94São Paulo285 280Suzano
21%
71São Paulo352 801Itaquaquecetuba
20%
80Pernambuco322 730Paulista
19%
61São Paulo392 294Carapicuíba
18%
64Espírito Santo381 802Cariacica
18%
93Bahia286 919Camaçari
17%
99São Paulo272 177Taboão da Serra
17%
70Ceará353 932Caucaia
15%
98Rio Grande do Sul272 257Gravataí
14%
100Mato Grosso268 594Várzea Grande
14%
81Minas Gerais322 659Ribeirão das Neves
13%

Score Distribution

Percentile by Number Answered

Percent of People with Each Score

Your Score History

You have not taken this quiz